000 00716nam a22002531 4500
001 141349
003 ES-MaACL
005 20260210161952.0
007 t|
008 070921s1960 sp ||||0| spa d
016 7 _zIND2000946028
040 _aM-BN
_bspa
_cCDM
080 _a591.6:63(02)
100 1 _aWille T., Juan E.
_9116886
245 1 0 _aZoología agrícola /
_cJuan E. Wille T.
250 _a1ª ed.
260 _aBarcelona :
_bSalvat,
_c1960.
300 _aXV, 502 p. :
_bil. ;
_c23 cm.
490 1 _aColección agrícola Salvat
650 1 4 _aZoología agrícola.
_917871
830 0 _aColección agrícola Salvat
_9181203
852 _aES-MaACL
_jC-18477
_bR.46099
999 _c141349
_d141349